00346nam a22000977a 4500008004100000082001600041100003700057245009500094260005000189300000900239230626b xxu||||| |||| 00| 0 eng d a333.09bLDB cColony and Protectorate of Kenya aColony and Protectorate of KenyabReport of working party on African Land Tenure 1957-1958 aKenyabColony and Protectorate of Kenyac1958 a161p